Estatísticas para Países Aleatórios por Fronteiras

Clique aqui para jogar o quiz

Estatísticas Gerais

  • Esse quiz foi jogado 6 060 vezes
  • A pontuação média é 12 de 20

Estatísticas das Respostas

FronteirasPaís% Correto
Canadá | MéxicoEstados Unidos
92%
Coréia do NorteCoréia do Sul
89%
Argentina | Bolívia | BrasilParaguai
86%
Argentina | Bolívia | PeruChile
84%
Finlândia | NoruegaSuécia
84%
Reino UnidoIrlanda
83%
Brasil | França | GuianaSuriname
83%
Estados UnidosCanadá
82%
Arábia Saudita | Emirados Árabes Unidos | IémenOmã
81%
Brasil | Colômbia | GuianaVenezuela
81%
Argentina | Bolívia | Colômbia | França | Guiana | Paraguai | Peru |
Suriname | Uruguai | Venezuela
Brasil
80%
Noruega | Rússia | SuéciaFinlândia
80%
Belize | Estados Unidos | GuatemalaMéxico
80%
China | Coréia do Sul | RússiaCoréia do Norte
79%
Alemanha | Bélgica | FrançaLuxemburgo |
Países Baixos
79%
Brasil | Equador | Panamá | Peru | VenezuelaColômbia
78%
EspanhaPortugal
78%
China | ÍndiaButão | Nepal
77%
Alemanha | Andorra | Bélgica | Brasil | Espanha | Itália | Luxemburgo | Mônaco |
Países Baixos | Suíça | Suriname
França
77%
Argentina | BrasilUruguai
77%
Bolívia | Brasil | Chile | Paraguai | UruguaiArgentina
76%
Brasil | Suriname | VenezuelaGuiana
76%
Colômbia | PeruEquador
74%
Argélia | Espanha | MauritâniaMarrocos
74%
HaitiRepública Dominicana
73%
Áustria | Bélgica | Dinamarca | França | Luxemburgo | Países Baixos |
Polônia | República Checa | Suíça
Alemanha
72%
Birmânia | ÍndiaBangladesh
72%
Guatemala | HondurasEl Salvador
72%
Letónia | RússiaEstônia
72%
África do SulLesoto
72%
China | RússiaMongólia
72%
ItáliaSan Marino | Vaticano
72%
Espanha | FrançaAndorra
71%
Argentina | Brasil | Chile | Paraguai | PeruBolívia
71%
Andorra | França | Marrocos | Portugal | Reino UnidoEspanha
71%
Arábia Saudita | OmãIémen | Emirados
Árabes Unidos
71%
Egito | Jordânia | Líbano | SíriaIsrael
71%
Azerbaijão | Bielorrússia | Cazaquistão | China | Coréia do Norte | Estônia |
Finlândia | Geórgia | Letónia | Lituânia | Mongólia | Noruega | Polônia | Ucrânia
Rússia
71%
República DominicanaHaiti
70%
Guatemala | MéxicoBelize
69%
Nicarágua | PanamáCosta Rica
68%
El Salvador | Guatemala | NicaráguaHonduras
68%
Bielorrússia | Estônia | Lituânia | RússiaLetónia
68%
Letónia | Lituânia | Polônia | Rússia | UcrâniaBielorrússia
67%
Israel | Líbia | SudãoEgito
67%
Finlândia | Rússia | SuéciaNoruega
67%
Belize | El Salvador | Honduras | MéxicoGuatemala
66%
Malásia | Papua Nova Guiné | Timor LesteIndonésia
66%
Costa Rica | HondurasNicarágua
66%
Colômbia | Costa RicaPanamá
66%
Bolívia | Brasil | Chile | Colômbia | EquadorPeru
66%
Catar | Emirados Árabes Unidos | Iémen | Iraque | Jordânia | Kuweit | OmãArábia Saudita
65%
Espanha | IrlandaReino Unido
65%
Alemanha | Eslováquia | Eslovénia | Hungria | Itália | Liechtenstein |
República Checa | Suíça
Áustria
64%
Brunei | Indonésia | TailândiaMalásia
64%
Bulgária | Hungria | Moldávia | Sérvia | UcrâniaRomênia
64%
Laos | Tailândia | VietnameCamboja
63%
Arábia SauditaCatar
63%
Romênia | UcrâniaMoldávia
63%
Croácia | Montenegro | SérviaBósnia e Herzegovina
62%
Afeganistão | Birmânia | Butão | Cazaquistão | Coréia do Norte | Índia | Laos |
Mongólia | Nepal | Paquistão | Quirguistão | Rússia | Tajiquistão | Vietname
China
62%
Áustria | Eslovénia | França | San Marino | Suíça | VaticanoItália
62%
Bielorrússia | Letónia | Polônia | RússiaLituânia
62%
Djibouti | Etiópia | QuêniaSomália
62%
Alemanha | Áustria | França | Itália | LiechtensteinSuíça
62%
Alemanha | França | Luxemburgo | Países BaixosBélgica
61%
Armênia | Azerbaijão | Rússia | TurquiaGeórgia
60%
Israel | SíriaLíbano
60%
Áustria | SuíçaLiechtenstein
60%
FrançaMônaco
60%
Alemanha | Áustria | Eslováquia | PolôniaRepública Checa
60%
Argélia | LíbiaTunísia
60%
Bielorrússia | Eslováquia | Hungria | Moldávia | Polônia | Romênia | RússiaUcrânia
60%
AlemanhaDinamarca
59%
Arábia Saudita | Iraque | Israel | SíriaJordânia
59%
Bósnia e Herzegovina | Bulgária | Croácia | Hungria | Kosovo | Macedónia do Norte |
Montenegro | Romênia
Sérvia
59%
Camboja | China | LaosVietname
59%
Birmânia | Camboja | China | Tailândia | VietnameLaos
58%
África do Sul | Angola | Botswana | ZâmbiaNamíbia
58%
Bangladesh | China | Índia | Laos | TailândiaBirmânia
57%
África do Sul | Malawi | Suazilândia | Tanzânia | Zâmbia | ZimbábueMoçambique
57%
Djibouti | Eritreia | Quênia | Somália | Sudão | Sudão do SulEtiópia
56%
Arábia Saudita | Irão | Jordânia | Kuweit | Síria | TurquiaIraque
56%
Grécia | Kosovo | Macedónia do Norte | MontenegroAlbânia
55%
Azerbaijão | Geórgia | Irão | TurquiaArmênia
55%
Áustria | Croácia | Eslováquia | Eslovénia | Romênia | Sérvia | UcrâniaHungria
55%
Bangladesh | Birmânia | Butão | China | Nepal | PaquistãoÍndia
55%
Botswana | Lesoto | Moçambique | Namíbia | Suazilândia | ZimbábueÁfrica do Sul
54%
Líbia | Mali | Marrocos | Mauritânia | Níger | TunísiaArgélia
54%
África do Sul | Namíbia | Zâmbia | ZimbábueBotswana
54%
Chade | Egito | Eritreia | Etiópia | Líbia | República Centro-Africana | Sudão do SulSudão
54%
África do Sul | Botswana | Moçambique | ZâmbiaZimbábue
54%
China | Quirguistão | Rússia | Turquemenistão | UzbequistãoCazaquistão
53%
Albânia | Macedónia do Norte | Montenegro | SérviaKosovo
53%
Costa do Marfim | Guiné | Serra LeoaLibéria
53%
Alemanha | Bielorrússia | Eslováquia | Lituânia | República Checa | Rússia | UcrâniaPolônia
53%
Cazaquistão | China | Tajiquistão | UzbequistãoQuirguistão
53%
Bósnia e Herzegovina | Eslovénia | Hungria | Montenegro | SérviaCroácia
52%
SenegalGâmbia
52%
Camarões | Chade | República Democrática do Congo | República do Congo |
Sudão | Sudão do Sul
República
Centro-Africana
52%
Birmânia | Camboja | Laos | MalásiaTailândia
52%
Afeganistão | China | Quirguistão | UzbequistãoTajiquistão
52%
Áustria | Croácia | Hungria | ItáliaEslovénia
51%
Albânia | Bulgária | Macedónia do Norte | TurquiaGrécia
51%
Benim | Camarões | Chade | NígerNigéria
51%
Afeganistão | China | Índia | IrãoPaquistão
50%
Eritreia | Etiópia | SomáliaDjibouti
49%
Camarões | Guiné Equatorial | República do CongoGabão
49%
Argélia | Mali | Marrocos | SenegalMauritânia
49%
IndonésiaTimor Leste | Papua
Nova Guiné
49%
Burkina Faso | Costa do Marfim | TogoGana
48%
Etiópia | Somália | Sudão do Sul | Tanzânia | UgandaQuênia
48%
Angola | Burundi | República Centro-Africana | República do Congo | Ruanda |
Sudão do Sul | Tanzânia | Uganda | Zâmbia
República Democrática
do Congo
48%
Armênia | Azerbaijão | Bulgária | Geórgia | Grécia | Irão | Iraque | SíriaTurquia
48%
Djibouti | Etiópia | SudãoEritreia
47%
Afeganistão | Armênia | Azerbaijão | Iraque | Paquistão | Turquemenistão | TurquiaIrão
47%
Benim | Burkina Faso | GanaTogo
47%
Afeganistão | Cazaquistão | Irão | UzbequistãoTurquemenistão
47%
China | Irão | Paquistão | Tajiquistão | Turquemenistão | UzbequistãoAfeganistão
46%
Camarões | Líbia | Níger | Nigéria | República Centro-Africana | SudãoChade
46%
Guiné | SenegalGuiné-Bissau
46%
Angola | Camarões | Gabão | República Centro-Africana |
República Democrática do Congo
República do Congo
46%
Iraque | Israel | Jordânia | Líbano | TurquiaSíria
46%
África do Sul | MoçambiqueSuazilândia
46%
Arábia Saudita | IraqueKuweit
45%
Argélia | Chade | Egito | Níger | Sudão | TunísiaLíbia
45%
Guiné | LibériaSerra Leoa
45%
Quênia | República Democrática do Congo | Ruanda | Sudão do Sul | TanzâniaUganda
45%
Namíbia | República Democrática do Congo | República do Congo | ZâmbiaAngola
44%
Grécia | Macedónia do Norte | Romênia | Sérvia | TurquiaBulgária
44%
República Democrática do Congo | Ruanda | TanzâniaBurundi
44%
Costa do Marfim | Guiné-Bissau | Libéria | Mali | Senegal | Serra LeoaGuiné
44%
Albânia | Bósnia e Herzegovina | Croácia | Kosovo | SérviaMontenegro
44%
Gâmbia | Guiné | Guiné-Bissau | Mali | MauritâniaSenegal
44%
Armênia | Geórgia | Irão | Rússia | TurquiaAzerbaijão
43%
Áustria | Hungria | Polônia | República Checa | UcrâniaEslováquia
43%
Argélia | Benim | Burkina Faso | Chade | Líbia | Mali | NigériaNíger
43%
Etiópia | Quênia | República Centro-Africana | República Democrática do Congo | Sudão | UgandaSudão do Sul
43%
Camarões | GabãoGuiné Equatorial
42%
Argélia | Burkina Faso | Costa do Marfim | Guiné | Mauritânia | Níger | SenegalMali
41%
Benim | Costa do Marfim | Gana | Mali | Níger | TogoBurkina Faso
40%
Albânia | Bulgária | Grécia | Kosovo | SérviaMacedónia do Norte
40%
Burkina Faso | Níger | Nigéria | TogoBenim
39%
Afeganistão | Cazaquistão | Quirguistão | Tajiquistão | TurquemenistãoUzbequistão
39%
Moçambique | Tanzânia | ZâmbiaMalawi
36%
Chade | Gabão | Guiné Equatorial | Nigéria | República Centro-Africana |
República do Congo
Camarões
35%
Burundi | República Democrática do Congo | Tanzânia | UgandaRuanda
35%
Burundi | Malawi | Moçambique | Quênia | República Democrática do Congo |
Ruanda | Uganda | Zâmbia
Tanzânia
35%
Burkina Faso | Gana | Guiné | Libéria | MaliCosta do Marfim
32%
Angola | Botswana | Malawi | Moçambique | Namíbia |
República Democrática do Congo | Tanzânia | Zimbábue
Zâmbia
29%

Distribuição das Pontuações

Percentil de Números Respondidos

Porcentagem de Pessoas com Cada Pontuação

Sua Pontuação Histórica

Você não jogou esse quiz